[Event "Rottach Egern Seniors Cup 10th"]
[Site "Rottach Egern"]
[Date "2022.04.01"]
[Round "7"]
[White "Greul, Hans"]
[Black "Keeve, Martin"]
[Result "0-1"]
[WhiteElo "2044"]
[BlackElo "1878"]
[PlyCount "78"]
[EventDate "2022.03.26"]
[EventType "swiss"]
[EventRounds "9"]
[EventCountry "GER"]
[SourceTitle "CBM 207 Extra"]
[Source "ChessBase"]
[SourceDate "2022.05.31"]
[SourceVersion "1"]
[SourceVersionDate "2022.05.31"]
[SourceQuality "1"]

1. d4 d5 2. Nf3 Nf6 3. e3 g6 4. c4 c6 5. Nc3 Bg7 6. Be2 0-0 7. 0-0 Qc7 8. Bd2 Nbd7 9. cxd5 Nxd5 10. Nxd5 cxd5 11. Qb3 Nf6 12. Rfc1 Qd8 13. Bb4 b6 14. Ne5 Bd7 15. Nc6 Bxc6 16. Rxc6 Re8 17. Rac1 a6 18. a4 Bf8 19. Ba3 b5 20. axb5 axb5 21. Bxb5 Rb8 22. Qa4 e6 23. Rc7 Bxa3 24. bxa3 Rf8 25. Qb4 Ne4 26. a4 Nd6 27. Qc5 Ne4 28. Qa3 Nd6 29. Bd3 Ra8 30. a5 Nc4 31. Qe7 Qxe7 32. Rxe7 Nxa5 33. Rcc7 Nb3 34. g3 Nd2 35. Kg2 Ra2 36. g4 Rb2 37. f3 Nc4+ 38. Kg3 Nxe3 39. f4 Rb3 0-1

[Event "Rottach Egern Seniors Cup 9th"]
[Site "Rottach Egern"]
[Date "2021.10.28"]
[Round "7"]
[White "Greul, Hans"]
[Black "Kuempers, Ulrich"]
[Result "1/2-1/2"]
[WhiteElo "2039"]
[BlackElo "2084"]
[PlyCount "34"]
[EventDate "2021.10.22"]
[EventType "swiss"]
[EventRounds "7"]
[EventCountry "GER"]
[SourceTitle "CBM 204 Extra"]
[Source "ChessBase"]
[SourceDate "2021.11.30"]
[SourceVersion "1"]
[SourceVersionDate "2021.11.30"]
[SourceQuality "1"]

1. d4 Nf6 2. Nf3 g6 3. e3 d5 4. c4 Bg7 5. Nc3 0-0 6. Qb3 c6 7. cxd5 cxd5 8. Bd3 Nc6 9. 0-0 Qd6 10. Bd2 Bf5 11. Nb5 Qd7 12. Be2 Ne4 13. Rac1 Nxd2 14. Nxd2 Rfc8 15. f3 Na5 16. Qb4 Nc6 17. Qb3 Na5 1/2-1/2

[Event "Rottach Egern Seniors Cup 9th"]
[Site "Rottach Egern"]
[Date "2021.10.26"]
[Round "5"]
[White "Greul, Hans"]
[Black "Eschle, Hubert"]
[Result "1-0"]
[WhiteElo "2039"]
[BlackElo "1885"]
[PlyCount "47"]
[EventDate "2021.10.22"]
[EventType "swiss"]
[EventRounds "7"]
[EventCountry "GER"]
[SourceTitle "CBM 204 Extra"]
[Source "ChessBase"]
[SourceDate "2021.11.30"]
[SourceVersion "1"]
[SourceVersionDate "2021.11.30"]
[SourceQuality "1"]

1. d4 Nf6 2. Nf3 g6 3. e3 Bg7 4. Be2 0-0 5. 0-0 d6 6. b3 Nbd7 7. c4 c5 8. Bb2 Ne8 9. Nc3 e5 10. dxe5 Nxe5 11. Qd2 Be6 12. Rfd1 Nxf3+ 13. Bxf3 Qd7 14. Ne4 Rd8 15. Bxg7 Kxg7 16. Qb2+ Kg8 17. Rxd6 Qxd6 18. Nxd6 Nxd6 19. Qa3 b5 20. cxb5 Nxb5 21. Qxc5 a6 22. Bb7 Bc8 23. Bxc8 Rxc8 24. Qb6 1-0

[Event "Rottach Egern Seniors Cup 9th"]
[Site "Rottach Egern"]
[Date "2021.10.25"]
[Round "4"]
[White "Dittmar, Michael"]
[Black "Greul, Hans"]
[Result "0-1"]
[WhiteElo "1632"]
[BlackElo "2039"]
[PlyCount "126"]
[EventDate "2021.10.22"]
[EventType "swiss"]
[EventRounds "7"]
[EventCountry "GER"]
[SourceTitle "CBM 204 Extra"]
[Source "ChessBase"]
[SourceDate "2021.11.30"]
[SourceVersion "1"]
[SourceVersionDate "2021.11.30"]
[SourceQuality "1"]

1. e4 e6 2. d4 d5 3. Nc3 Nf6 4. e5 Nfd7 5. f4 c5 6. Nf3 Nc6 7. Be3 cxd4 8. Nxd4 Bb4 9. a3 Bxc3+ 10. bxc3 Qa5 11. Qd2 Nc5 12. Bd3 Na4 13. Nb5 0-0 14. Bd4 b6 15. Nd6 Ba6 16. Bxa6 Qxa6 17. Qd3 Qxd3 18. cxd3 Rfd8 19. Kd2 f6 20. Rhf1 Rd7 21. Rae1 f5 22. h3 Rb8 23. Rb1 Kf8 24. g4 g6 25. gxf5 exf5 26. Rg1 Ke7 27. h4 Ke6 28. Rg5 Rg8 29. Rbg1 Rdg7 30. Nxf5 Rc7 31. Nd6 Rf8 32. Nb5 Rcf7 33. Be3 Nc5 34. h5 gxh5 35. Rxh5 Kd7 36. Nd6 Re7 37. Rhg5 Ne6 38. Rg8 Rxg8 39. Rxg8 Rg7 40. Rxg7+ Nxg7 41. d4 Ke6 42. Ke2 Nf5 43. Ne8 Nce7 44. Bd2 h6 45. Be1 Kd7 46. Nf6+ Kc6 47. a4 a5 48. Kd3 b5 49. axb5+ Kxb5 50. Kc2 Kc4 51. Ne8 Ne3+ 52. Kb1 Kb3 53. Nd6 a4 54. Bd2 N7f5 55. Nxf5 Nxf5 56. e6 h5 57. Be1 a3 58. Bf2 h4 59. e7 Nxe7 60. Bxh4 Nf5 61. Bf2 Nd6 62. Be1 a2+ 63. Ka1 Nc4 0-1

[Event "Rottach Egern Seniors Cup 9th"]
[Site "Rottach Egern"]
[Date "2021.10.22"]
[Round "1"]
[White "Greul, Hans"]
[Black "Mueller, Markus2222"]
[Result "1-0"]
[WhiteElo "2039"]
[BlackElo "1696"]
[PlyCount "79"]
[EventDate "2021.10.22"]
[EventType "swiss"]
[EventRounds "7"]
[EventCountry "GER"]
[SourceTitle "CBM 204 Extra"]
[Source "ChessBase"]
[SourceDate "2021.11.30"]
[SourceVersion "1"]
[SourceVersionDate "2021.11.30"]
[SourceQuality "1"]

1. d4 d5 2. Nf3 Bf5 3. e3 Nf6 4. c4 e6 5. Qb3 b6 6. cxd5 exd5 7. Ne5 Qd6 8. Bd2 Be7 9. Nc3 a6 10. Be2 0-0 11. 0-0 c5 12. Na4 Nbd7 13. Nxd7 Nxd7 14. Bf3 c4 15. Qd1 b5 16. Nc3 Nf6 17. a3 Rab8 18. Na2 Ne4 19. Bb4 Qd7 20. Bxe7 Qxe7 21. Bxe4 Bxe4 22. Qd2 Rb6 23. f3 Bf5 24. Rfe1 Rg6 25. Nc3 Rd8 26. Ne2 Rh6 27. Nf4 Rdd6 28. g3 g5 29. Ng2 Rh3 30. g4 Bd3 31. a4 Rg6 32. axb5 Qc7 33. f4 axb5 34. Ra8+ Kg7 35. Qb4 Qd6 36. Qxd6 Rxd6 37. fxg5 Re6 38. Nf4 Rexe3 39. Rxe3 Rxe3 40. Nh5+ 1-0

[Event "Bad Wiessee Senioren Cup 8th"]
[Site "Bad Wiessee"]
[Date "2019.05.17"]
[Round "7"]
[White "Krulich, Roman"]
[Black "Greul, Hans"]
[Result "1-0"]
[WhiteElo "2173"]
[BlackElo "2014"]
[PlyCount "79"]
[EventDate "2019.05.11"]
[EventType "swiss"]
[EventRounds "9"]
[EventCountry "GER"]
[SourceTitle "EXT 2020"]
[Source "ChessBase"]
[SourceDate "2019.10.17"]
[SourceVersion "1"]
[SourceVersionDate "2019.10.17"]
[SourceQuality "1"]

1. e4 e6 2. d4 d5 3. Nc3 Bb4 4. exd5 exd5 5. Bd3 Nf6 6. Bg5 0-0 7. Nge2 c6 8. 0-0 Bg4 9. f3 Bh5 10. Nf4 Bg6 11. Nxg6 fxg6 12. Ne2 Nbd7 13. Nf4 Qb6 14. c3 Bd6 15. Qd2 c5 16. Ne2 c4 17. Bb1 Rae8 18. b3 cxb3 19. axb3 Re7 20. Bc2 Rfe8 21. Rae1 Qc7 22. g3 Rc8 23. Bd3 a5 24. Kg2 Qc6 25. Rc1 b5 26. Rfe1 Nb6 27. Nf4 Rxe1 28. Qxe1 Re8 29. Qf1 Ra8 30. Bxb5 Qc7 31. Qe2 h6 32. Qe6+ Kh7 33. Bxf6 Bxf4 34. gxf4 Qxf4 35. Re1 Rf8 36. Qe5 Qxf6 37. Qxf6 Rxf6 38. Ra1 Nc8 39. Rxa5 Nd6 40. Bd3 1-0

[Event "Bad Wiessee Senioren Cup 8th"]
[Site "Bad Wiessee"]
[Date "2019.05.16"]
[Round "6"]
[White "Greul, Hans"]
[Black "Hager, Eberhard"]
[Result "1-0"]
[WhiteElo "2014"]
[BlackElo "1732"]
[PlyCount "57"]
[EventDate "2019.05.11"]
[EventType "swiss"]
[EventRounds "9"]
[EventCountry "GER"]
[SourceTitle "EXT 2020"]
[Source "ChessBase"]
[SourceDate "2019.10.17"]
[SourceVersion "1"]
[SourceVersionDate "2019.10.17"]
[SourceQuality "1"]

1. d4 Nf6 2. Nf3 e6 3. e3 d5 4. c4 Be7 5. Be2 Ne4 6. Nc3 Nxc3 7. bxc3 0-0 8. 0-0 Nd7 9. Qb3 Nf6 10. Ne5 dxc4 11. Nxc4 c6 12. Bf3 Qc7 13. g3 b6 14. e4 Bb7 15. Bf4 Qd7 16. Rfd1 Rfc8 17. a4 Qe8 18. a5 c5 19. axb6 axb6 20. Rxa8 Rxa8 21. Nxb6 Ra6 22. d5 exd5 23. exd5 Bd8 24. Nc4 Bxd5 25. Bxd5 Nxd5 26. Nd6 Rxd6 27. Bxd6 Nf6 28. Bxc5 h6 29. Qb8 1-0

[Event "Bad Wiessee Senioren Cup 8th"]
[Site "Bad Wiessee"]
[Date "2019.05.12"]
[Round "2"]
[White "Greul, Hans"]
[Black "Stephan, Hubert"]
[Result "1-0"]
[WhiteElo "2014"]
[BlackElo "1802"]
[PlyCount "157"]
[EventDate "2019.05.11"]
[EventType "swiss"]
[EventRounds "9"]
[EventCountry "GER"]
[SourceTitle "EXT 2020"]
[Source "ChessBase"]
[SourceDate "2019.10.17"]
[SourceVersion "1"]
[SourceVersionDate "2019.10.17"]
[SourceQuality "1"]

1. d4 d5 2. Nf3 Nf6 3. e3 Nc6 4. c4 e6 5. Be2 Be7 6. Nc3 0-0 7. 0-0 b6 8. cxd5 exd5 9. Bd2 Bb7 10. Rc1 a6 11. Qc2 Bd6 12. g3 Re8 13. Nh4 Ne7 14. Bf3 Qd7 15. Bg2 Rac8 16. Qb3 Ne4 17. Rfd1 Qe6 18. Nf3 Qf6 19. Be1 Qf5 20. Nh4 Qf6 21. Nxe4 dxe4 22. Bh3 Rcd8 23. Bf1 Ng6 24. Nxg6 Qxg6 25. Bb4 Re7 26. Rc3 h5 27. Bxd6 Qxd6 28. Qa3 Qxa3 29. Rxa3 b5 30. Rc1 Rd6 31. Rc5 g6 32. Rac3 c6 33. a4 Kg7 34. Be2 Kf6 35. f3 Rde6 36. Kf2 Rd6 37. fxe4 Rxe4 38. Bf3 Ree6 39. axb5 axb5 40. Ra3 Rd7 41. Ra7 Ke7 42. g4 hxg4 43. Bxg4 Rf6+ 44. Ke2 Rc7 45. b4 Kd8 46. Bf3 Kc8 47. e4 Kb8 48. Ra1 Rd6 49. Ke3 Kc8 50. Rac1 Kb8 51. d5 f6 52. Kf4 g5+ 53. Ke3 Rc8 54. Bg4 Rc7 55. Be2 Rc8 56. dxc6 Rdxc6 57. Bxb5 Rxc5 58. bxc5 Rh8 59. Rc2 Kc7 60. Rf2 Rh6 61. Kd4 Kd8 62. c6 Bc8 63. Kc5 Kc7 64. Bd3 Rh3 65. Bc4 Rh6 66. Bd5 Rg6 67. Ra2 Rh6 68. Ra7+ Kb8 69. Kb6 f5 70. exf5 Bxf5 71. Rb7+ Ka8 72. Rg7 Kb8 73. Rxg5 Bh3 74. Rg8+ Bc8 75. Bf3 Rh7 76. Bg4 Rc7 77. Rxc8+ Rxc8 78. Bxc8 Kxc8 79. c7 1-0

[Event "Mittelfranken-ch QT"]
[Site "Nuremberg"]
[Date "2019.04.19"]
[Round "5.2"]
[White "Cordts, Elof"]
[Black "Greul, Hans"]
[Result "0-1"]
[WhiteElo "1684"]
[BlackElo "2015"]
[PlyCount "50"]
[EventDate "2019.04.17"]
[EventType "swiss"]
[EventRounds "7"]
[EventCountry "GER"]
[SourceTitle "EXT 2022"]
[Source "ChessBase"]
[SourceDate "2021.10.06"]
[SourceVersion "1"]
[SourceVersionDate "2021.10.06"]
[SourceQuality "1"]

1. e4 e6 2. d4 d5 3. exd5 exd5 4. Bd3 Bd6 5. Ne2 Nf6 6. Bf4 0-0 7. 0-0 Re8 8. Bxd6 Qxd6 9. Ng3 Bg4 10. f3 Be6 11. Re1 Qb6 12. Nd2 Qxd4+ 13. Kh1 c5 14. Ndf1 Nc6 15. c3 Qf4 16. Rc1 Rad8 17. Qd2 Qxd2 18. Nxd2 a6 19. Kg1 Bc8 20. Bb1 Kf8 21. Kf2 b6 22. Rxe8+ Rxe8 23. Re1 g6 24. a3 Ne5 25. Ngf1 Neg4+ 0-1

[Event "Mittelfranken-ch QT"]
[Site "Nuremberg"]
[Date "2019.04.18"]
[Round "3.4"]
[White "Luther, Helmut"]
[Black "Greul, Hans"]
[Result "0-1"]
[WhiteElo "2008"]
[BlackElo "2015"]
[PlyCount "76"]
[EventDate "2019.04.17"]
[EventType "swiss"]
[EventRounds "7"]
[EventCountry "GER"]
[SourceTitle "EXT 2022"]
[Source "ChessBase"]
[SourceDate "2021.10.06"]
[SourceVersion "1"]
[SourceVersionDate "2021.10.06"]
[SourceQuality "1"]

1. d4 d5 2. c4 e6 3. Nc3 Nf6 4. Bg5 c6 5. Nf3 Nbd7 6. e3 Qa5 7. Nd2 Bb4 8. Rc1 0-0 9. a3 Bxc3 10. Rxc3 Ne4 11. Nxe4 dxe4 12. Be7 Re8 13. b4 Qc7 14. Bg5 a5 15. Be2 e5 16. d5 axb4 17. axb4 cxd5 18. Qxd5 Ra1+ 19. Bd1 Nb6 20. Qxe4 Qd6 21. Qc2 Qxb4 22. 0-0 f6 23. Bh4 Be6 24. Be2 Rxf1+ 25. Bxf1 Rc8 26. Bg3 Nxc4 27. h3 b5 28. Bd3 h6 29. Bf5 Bxf5 30. Qxf5 Rd8 31. Rc1 Qd6 32. Ra1 Qb6 33. Kh2 b4 34. Qc2 Nd2 35. Qg6 Qc5 36. Bh4 Rf8 37. Ra6 e4 38. g3 Qc1 0-1

[Event "Mittelfranken-chTB1 1819"]
[Site "Mittelfranken"]
[Date "2019.03.31"]
[Round "8.3"]
[White "Greul, Hans"]
[Black "Heimrath, Wolfgang"]
[Result "1/2-1/2"]
[WhiteElo "1941"]
[BlackElo "2095"]
[PlyCount "61"]
[EventDate "2018.10.14"]
[EventType "team-tourn"]
[EventRounds "9"]
[EventCountry "GER"]
[SourceTitle "EXT 2022"]
[Source "ChessBase"]
[SourceDate "2021.10.06"]
[SourceVersion "1"]
[SourceVersionDate "2021.10.06"]
[SourceQuality "1"]
[WhiteTeam "Muehlhof/Schwabach"]
[BlackTeam "Fuerth SG"]
[WhiteTeamCountry "GER"]
[BlackTeamCountry "GER"]

1. d4 Nf6 2. Nf3 e6 3. e3 b6 4. Be2 Bb7 5. 0-0 Be7 6. c4 0-0 7. Nc3 d5 8. b3 dxc4 9. Bxc4 Nbd7 10. Qe2 Ne4 11. Nxe4 Bxe4 12. Rd1 Qc8 13. Bb2 Rd8 14. Rac1 a6 15. a4 Qb7 16. Ne1 Nf6 17. f3 Bd5 18. e4 Bxc4 19. bxc4 a5 20. Nd3 Nd7 21. Qc2 Rac8 22. Qb3 Qa8 23. Kf1 c6 24. Rb1 Qb8 25. g3 h6 26. Bc1 Qa7 27. Be3 Rb8 28. Bf4 Rbc8 29. Ne5 Nxe5 30. Bxe5 Bb4 31. Rd3 1/2-1/2

[Event "GER-chT Laender Seniors 65+"]
[Site "Templin"]
[Date "2018.09.14"]
[Round "5.2"]
[White "Greul, Hans"]
[Black "Schellhorn, Wolfgang"]
[Result "0-1"]
[WhiteElo "2021"]
[BlackElo "2138"]
[PlyCount "84"]
[EventDate "2018.09.10"]
[EventType "team-swiss"]
[EventRounds "7"]
[EventCountry "GER"]
[SourceTitle "EXT 2020"]
[Source "ChessBase"]
[SourceDate "2019.10.17"]
[SourceVersion "1"]
[SourceVersionDate "2019.10.17"]
[SourceQuality "1"]
[WhiteTeam "Bayern II"]
[BlackTeam "Hamburg"]
[WhiteTeamCountry "GER"]
[BlackTeamCountry "GER"]

1. d4 Nf6 2. Nf3 g6 3. e3 Bg7 4. Be2 0-0 5. 0-0 b6 6. c4 e6 7. b3 Bb7 8. Nc3 d6 9. Bb2 Nbd7 10. Qc2 Qe7 11. Rfd1 Rac8 12. h3 Rfd8 13. b4 e5 14. a4 Re8 15. a5 exd4 16. Nxd4 Ne4 17. a6 Ba8 18. Nxe4 Bxe4 19. Qd2 Ne5 20. Nb5 Qg5 21. g3 Nf3+ 22. Bxf3 Bxf3 23. Rdc1 Qh5 24. Kh2 Be5 25. Bxe5 Rxe5 26. Qd4 Ba8 27. Qg4 Qxg4 28. hxg4 h5 29. g5 Kg7 30. Nxa7 Rh8 31. Re1 Rxg5 32. f4 Rg4 33. e4 h4 34. Ra3 hxg3+ 35. Kg2 Rh2+ 36. Kf3 f5 37. Nb5 Rf2+ 38. Ke3 Bxe4 39. a7 Rgxf4 40. Re2 R4f3+ 41. Kd2 Rxa3 42. Nxa3 Bf3 0-1

[Event "Arber Seniors op 6th"]
[Site "Bayerisch Eisenstein"]
[Date "2018.08.03"]
[Round "7"]
[White "Greul, Hans"]
[Black "Neubauer, Bernd"]
[Result "1/2-1/2"]
[WhiteElo "2027"]
[BlackElo "2159"]
[PlyCount "112"]
[EventDate "2018.07.28"]
[EventType "swiss"]
[EventRounds "9"]
[EventCountry "GER"]
[SourceTitle "CBM 185 Extra"]
[Source "ChessBase"]
[SourceDate "2018.07.29"]
[SourceVersion "1"]
[SourceVersionDate "2018.07.29"]
[SourceQuality "1"]

1. d4 d5 2. Nf3 e6 3. e3 Nf6 4. c4 b6 5. Nc3 Bb7 6. cxd5 exd5 7. Bd3 a6 8. 0-0 Be7 9. Qc2 c5 10. b3 Nc6 11. Ba3 Rc8 12. Bf5 Rc7 13. Rac1 g6 14. Bh3 c4 15. Bxe7 Qxe7 16. a4 0-0 17. bxc4 dxc4 18. Rb1 Nb4 19. Qb2 Nfd5 20. Nxd5 Nxd5 21. Rfc1 Bc8 22. Bxc8 Rfxc8 23. Ne5 f6 24. Nf3 Kg7 25. Re1 Qe4 26. Rec1 a5 27. Ne1 c3 28. Qc2 Qxc2 29. Nxc2 Rc4 30. Rb5 Nb4 31. Rxb6 Nxc2 32. Rxc2 Rxa4 33. Rb7+ Kf8 34. Rb1 Ke7 35. Kf1 Rb4 36. Rbc1 Rb3 37. Ra2 Rcb8 38. Ke1 Rb1 39. Kd1 R8b2 40. Rxb2 Rxb2 41. Rxc3 Rxf2 42. Rc2 Rxc2 43. Kxc2 f5 44. Kb3 Kd6 45. g3 g5 46. Ka4 Kd5 47. Kxa5 f4 48. exf4 gxf4 49. gxf4 Kxd4 50. Kb4 Ke4 51. Kc4 Kxf4 52. Kd3 Kf3 53. Kd2 Kf2 54. h4 h5 55. Kd1 Kg3 56. Ke1 Kxh4 1/2-1/2

[Event "Arber Seniors op 6th"]
[Site "Bayerisch Eisenstein"]
[Date "2018.07.31"]
[Round "4"]
[White "Greul, Hans"]
[Black "Hiby, Harald"]
[Result "1-0"]
[WhiteElo "2027"]
[BlackElo "1796"]
[PlyCount "91"]
[EventDate "2018.07.28"]
[EventType "swiss"]
[EventRounds "9"]
[EventCountry "GER"]
[SourceTitle "CBM 185 Extra"]
[Source "ChessBase"]
[SourceDate "2018.07.29"]
[SourceVersion "1"]
[SourceVersionDate "2018.07.29"]
[SourceQuality "1"]

1. d4 e6 2. Nf3 d5 3. e3 Nf6 4. c4 Be7 5. Be2 0-0 6. 0-0 b6 7. cxd5 exd5 8. b3 Bb7 9. Ba3 Nbd7 10. Qc2 Rc8 11. Rd1 Re8 12. Bxe7 Qxe7 13. Nc3 c5 14. Qb2 Ne4 15. Nxe4 dxe4 16. Nd2 Nf6 17. Nc4 cxd4 18. Rxd4 Bd5 19. Rad1 Bxc4 20. Bxc4 Kf8 21. Qd2 Qc5 22. b4 Qc6 23. Ba6 Rc7 24. Rc4 Qd7 25. Qxd7 Rxd7 26. Rxd7 Nxd7 27. Bb5 Rd8 28. Rd4 Ke7 29. Rxe4+ Kf6 30. Rd4 Ke7 31. Kf1 Ne5 32. Rxd8 Kxd8 33. Ke2 Ke7 34. f4 Ng4 35. h3 Nf6 36. Kd3 Nd5 37. a3 Nc7 38. Bc4 f6 39. Kd4 Ne8 40. Kd5 Nd6 41. Bd3 h6 42. Kc6 Ke6 43. Kc7 f5 44. Kb8 a5 45. Kc7 b5 46. bxa5 1-0

[Event "Mittelfranken-chTB1 1718"]
[Site "Mittelfranken"]
[Date "2018.04.08"]
[Round "7.3"]
[White "Greul, Hans"]
[Black "Rieder, Johannes"]
[Result "1-0"]
[WhiteElo "1968"]
[BlackElo "1910"]
[PlyCount "43"]
[EventDate "2017.10.08"]
[EventType "team-tourn"]
[EventRounds "9"]
[EventCountry "GER"]
[SourceTitle "EXT 2022"]
[Source "ChessBase"]
[SourceDate "2021.10.06"]
[SourceVersion "1"]
[SourceVersionDate "2021.10.06"]
[SourceQuality "1"]
[WhiteTeam "Muehlhof/Schwabach"]
[BlackTeam "Erlangen SC III"]
[WhiteTeamCountry "GER"]
[BlackTeamCountry "GER"]

1. d4 d5 2. Nf3 Nf6 3. e3 Bg4 4. c4 c6 5. cxd5 cxd5 6. Qb3 Qb6 7. Qxb6 axb6 8. Ne5 Bh5 9. Nc3 e6 10. Bb5+ Nbd7 11. g4 Bxg4 12. Bxd7+ Nxd7 13. Nxg4 Be7 14. Ke2 f6 15. f3 Kf7 16. Bd2 g5 17. a3 h5 18. Nf2 f5 19. h3 Rhg8 20. Rhg1 Bf6 21. Nb5 e5 22. Rac1 1-0

[Event "Mittelfranken-ch QT 67th"]
[Site "Nuremberg"]
[Date "2018.03.31"]
[Round "7"]
[White "Greul, Hans"]
[Black "Babichev, Vyacheslav"]
[Result "1-0"]
[WhiteElo "2066"]
[BlackElo "1822"]
[PlyCount "99"]
[EventDate "2018.03.28"]
[EventType "swiss"]
[EventRounds "7"]
[EventCountry "GER"]
[SourceTitle "EXT 2020"]
[Source "ChessBase"]
[SourceDate "2019.10.17"]
[SourceVersion "1"]
[SourceVersionDate "2019.10.17"]
[SourceQuality "1"]

1. d4 Nf6 2. Nf3 g6 3. e3 Bg7 4. Be2 0-0 5. 0-0 d5 6. c4 c6 7. b3 e6 8. Bb2 b6 9. Nc3 Re8 10. Rc1 Nbd7 11. Qc2 Bh6 12. h3 Bb7 13. Ba3 Rc8 14. cxd5 cxd5 15. Qb2 a6 16. Bd6 Bf8 17. Qa3 b5 18. Bxf8 Nxf8 19. Ne5 Qe7 20. b4 N8d7 21. Nd3 Nb6 22. Nc5 Nc4 23. Bxc4 dxc4 24. Qb2 Ba8 25. a4 Rb8 26. f3 Qd6 27. f4 Rb6 28. Ra1 Bc6 29. a5 Rbb8 30. Rad1 Ra8 31. e4 Qe7 32. Rf2 Red8 33. Rfd2 Qc7 34. d5 exd5 35. exd5 Bd7 36. d6 Qa7 37. Nxb5 Bxb5 38. Qxf6 Rf8 39. h4 Bd7 40. h5 h6 41. hxg6 fxg6 42. Qxg6+ Kh8 43. Qxh6+ Kg8 44. Qg6+ Kh8 45. Rd5 Bf5 46. Rxf5 Rxf5 47. Qxf5 Qg7 48. d7 Qe7 49. Qh5+ Kg8 50. Qd5+ 1-0

[Event "Mittelfranken-chTB1 1718"]
[Site "Mittelfranken"]
[Date "2018.03.04"]
[Round "6.4"]
[White "Greul, Hans"]
[Black "Holzer, Johann"]
[Result "1-0"]
[WhiteElo "1968"]
[BlackElo "1865"]
[PlyCount "91"]
[EventDate "2017.10.08"]
[EventType "team-tourn"]
[EventRounds "9"]
[EventCountry "GER"]
[SourceTitle "EXT 2022"]
[Source "ChessBase"]
[SourceDate "2021.10.06"]
[SourceVersion "1"]
[SourceVersionDate "2021.10.06"]
[SourceQuality "1"]
[WhiteTeam "Muehlhof/Schwabach"]
[BlackTeam "Bechhofen"]
[WhiteTeamCountry "GER"]
[BlackTeamCountry "GER"]

1. d4 f5 2. c4 Nf6 3. Nc3 e6 4. Bg5 Be7 5. e3 0-0 6. Bd3 d5 7. Qc2 c6 8. Nf3 h6 9. Bxf6 Bxf6 10. Rc1 g6 11. 0-0 Nd7 12. b4 Nb6 13. cxd5 cxd5 14. Nb5 a6 15. Nc7 Rb8 16. a4 Nc4 17. Bxc4 Qxc7 18. Bd3 Qxc2 19. Rxc2 Bd7 20. b5 Rfc8 21. Rxc8+ Bxc8 22. Rc1 axb5 23. Bxb5 Be7 24. Ne5 g5 25. Kf1 Ra8 26. Ke2 b6 27. Rc6 Bd8 28. g4 fxg4 29. Nxg4 h5 30. Ne5 Kf8 31. Rc1 Bb7 32. f4 g4 33. Kf2 Rc8 34. Rxc8 Bxc8 35. Kg3 Kg7 36. Be8 h4+ 37. Kxg4 Ba6 38. Bb5 Bxb5 39. axb5 Be7 40. Nf3 Kh6 41. Nxh4 Bb4 42. Nf3 Kg6 43. Ne5+ Kh6 44. Nd7 Ba5 45. Nf8 Bd2 46. Kf3 1-0

[Event "Mittelfranken-chTB1 1718"]
[Site "Mittelfranken"]
[Date "2018.01.28"]
[Round "4.4"]
[White "Greul, Hans"]
[Black "Fischer, Erich"]
[Result "1-0"]
[WhiteElo "1968"]
[BlackElo "1914"]
[PlyCount "97"]
[EventDate "2017.10.08"]
[EventType "team-tourn"]
[EventRounds "9"]
[EventCountry "GER"]
[SourceTitle "EXT 2022"]
[Source "ChessBase"]
[SourceDate "2021.10.06"]
[SourceVersion "1"]
[SourceVersionDate "2021.10.06"]
[SourceQuality "1"]
[WhiteTeam "Muehlhof/Schwabach"]
[BlackTeam "Postbauer Heng"]
[WhiteTeamCountry "GER"]
[BlackTeamCountry "GER"]

1. d4 g6 2. Nf3 Bg7 3. e3 d6 4. Be2 Bd7 5. c4 e5 6. dxe5 dxe5 7. 0-0 Nc6 8. Nc3 Nge7 9. Qc2 0-0 10. Rd1 Qc8 11. h3 Re8 12. a3 Bf5 13. e4 Be6 14. Be3 f5 15. Ng5 h6 16. Nxe6 Qxe6 17. Nd5 Rac8 18. exf5 gxf5 19. Bh5 Rf8 20. Bc5 b6 21. Bxe7 Nxe7 22. Nxe7+ Qxe7 23. Rd5 c6 24. Rd2 Qg5 25. Be2 e4 26. c5 e3 27. Qb3+ Kh8 28. Qxe3 Qxe3 29. fxe3 Rce8 30. cxb6 axb6 31. Bf3 c5 32. Kf2 f4 33. e4 Bd4+ 34. Ke2 Rd8 35. Rad1 Bf6 36. b3 Bd4 37. Bg4 Rde8 38. Kf3 Re7 39. Bf5 Be5 40. Rd5 Kg7 41. a4 Rf6 42. R1d3 Kf7 43. Rxe5 Rxe5 44. Kxf4 Re7 45. e5 Rc6 46. Be4 Rc8 47. Rd6 Rb8 48. Rxh6 b5 49. Rh7+ 1-0

[Event "Mittelfranken-chTB1 1617"]
[Site "Mittelfranken"]
[Date "2017.05.14"]
[Round "9.2"]
[White "Greul, Hans"]
[Black "Medunova, Vera"]
[Result "1/2-1/2"]
[WhiteElo "1986"]
[BlackElo "2064"]
[PlyCount "77"]
[EventDate "2016.10.23"]
[EventType "team-tourn"]
[EventRounds "9"]
[EventCountry "GER"]
[SourceTitle "EXT 2022"]
[Source "ChessBase"]
[SourceDate "2021.10.06"]
[SourceVersion "1"]
[SourceVersionDate "2021.10.06"]
[SourceQuality "1"]
[WhiteTeam "Muehlhof/Schwabach"]
[BlackTeam "Rothenburg"]
[WhiteTeamCountry "GER"]
[BlackTeamCountry "GER"]

1. d4 Nf6 2. e3 c5 3. Nf3 e6 4. c4 d5 5. Nc3 Nc6 6. dxc5 Bxc5 7. cxd5 exd5 8. Be2 0-0 9. 0-0 a6 10. b3 d4 11. exd4 Nxd4 12. Nxd4 Bxd4 13. Bb2 Bf5 14. Bf3 Rc8 15. Rc1 Rc7 16. Ne2 Rxc1 17. Bxc1 Bb6 18. Bg5 Qxd1 19. Rxd1 Ne4 20. Be3 Bxe3 21. fxe3 h6 22. Rd5 Bh7 23. Rd7 b6 24. Re7 Nc5 25. Bd5 a5 26. Nd4 g5 27. Nc6 Kg7 28. Rc7 Bg6 29. Ne5 Na6 30. Rb7 Nb4 31. Nxg6 Kxg6 32. Rxb6+ Kg7 33. Rb5 Rd8 34. e4 Nxa2 35. Rxa5 Nc3 36. Kf2 f5 37. Ra8 Rd6 38. Ra7+ Kh8 39. Ra8+ 1/2-1/2